| 000 | 00520nam a2200169Ia 4500 | ||
|---|---|---|---|
| 003 | GCL | ||
| 008 | 140319s9999 xx 000 0 ara d | ||
| 040 |
_aGCL / _cGCL |
||
| 082 | 0 | 4 |
_a910.09 _bم س |
| 100 | 1 | _aمروان محسن السكر | |
| 245 | 1 | 0 |
_aالسياحة - مضمونها واهدافها / _cمروان محسن السكر |
| 300 | _a82 ص | ||
| 490 |
_aسلسلة الاقتصاد السياحى _v0 |
||
| 650 | 0 | 4 | _aالسياحة |
| 650 | 0 | 4 | _aالسياحة - اقتصاديات |
| 942 |
_2ddc _cBK |
||
| 999 |
_c48695 _d48695 |
||